000 01157nam a22003497a 4500
005 20240806164024.0
010 _aENG-101305 ENG-138975 ENG-138974 ENG-138973 ENG-141254
020 _c500.00 (EACH)
035 _aEN-84838
035 _aEN-124786
035 _aEN-122506
035 _aEN-122505
035 _aEN-122507
037 _bDBAD
082 _a347.052
100 _aManohar
_969636
245 _aThe AIR manual:
_bUnrepealed central acts (civil and criminal)/
_cBy Manohar [and] Chitaley
250 _a6th ed
260 _aNagpur
_bThe All India Reporter
_c2004
270 _aPost Box No. 209, Congress Nagar
_bNagpur
_e440012
300 _av.6 (xx,1337p.)
_c25cm(Hb)
300 _av.43 (xvi,1928p.)
_c25cm(Hb)
300 _av.44 (cxxiv,2360p.)
_c25cm(Hb)
300 _av.45 (xx,1337p.)
_c25cm (Hb)
490 _aAIR publication
_vVOL6, VOL43, VOL44, VOL45, VOL-42
505 _aV.6- Civil P. C. (1908), Order 18 to Civil P. C. (1908), Order 38
650 _aLaw
_969637
650 _aCivil law
_969638
650 _aCriminal law
_969639
700 _aChitaley
_916093
_eAuthor
942 _2ddc
_cEN
_h347.052
_mMAN
999 _c42935
_d42935